000 00658nam a2200289Ia 4500
005 20260324130001.0
008 008 260324s9999 xx 000 0 eng d
020 _a9780429191268
037 _aEBOOK
040 _aCRL
040 _beng
040 _cCRL
041 _2eng
041 _aeng
084 _qCRL
100 _aUri Zoller
_91180076
245 0 _aHandbook of Detergents, Part E
245 0 _bApplications
260 _bTaylor and Francis
260 _c2008
365 _a
365 _b560
856 _uhttp://www.taylorfrancis.com/books/9780429191268
942 _cEBOOK
999 _c1775803
_d1775803